01329nam a2200289 4500001000400000003000400004005001700008008004100025020001800066040000800084041000800092082001700100100002700117245010600144250001000250260003100260300001600291520056500307650002600872650001900898650001300917650003000930655001200960655001600972700002900988830002201017443OSt20250701085140.0250701b |||||||g |||| 00| j eng d a9788516045418 bpor apor a028.5bB214a1 aBandeira, Pedrod1942- aAnjo da Morte :bMais uma aventura com os Karas! /cBandeira, Pedro ; Ilustrações de Hector Gomes a4 ed. aSão PaulobModernac2013 a190 p.bil. aOs Karas lutam contra o renascimento do nazismo. Os Karas, os cinco adolescentes de "A Droga da Obediência", envolvem-se na investigação do assassinato de um grande ator de teatro. Mal sabiam eles que teriam de enfrentar o Anjo da Morte, um ex-oficial nazista culpado do massacre de milhares de pessoas em um campo de concentração durante a Segunda Guerra Mundial. Mais uma história de grande suspense de Pedro Bandeira, que surpreenderá qualquer leitor. Esse é mais um trabalho para os Karas: o avesso dos coroas, o contrário dos caretas!  0aLiteratura Brasileira 0aInfantojuvenil 0aAventura 0aCrime e Investigação  0aRomance 0aFicção  aHector GomeseILUSTRADOR aOs Karasvvol. 03